000
00330nam a22001337a 4500
008
250304b |||||||| |||| 00| 0 eng d
020
_a
9789382226871
050
_a
HD 87
_b
.A33
100
_a
Adams H. Dante
245
_a
Globalization and Economic Development
260
_a
New Delhi
_b
India
_c
2013
300
_a
302p.
942
_c
BK
999
_c
2072
_d
2072